[Event "Kirov Chudinovskikh Memorial 5th"]
[Site "Kirov"]
[Date "2018.08.03"]
[Round "3"]
[White "Rubtsov, Vladimir1111"]
[Black "Seidov, Georgij"]
[Result "0-1"]
[WhiteElo "1722"]
[BlackElo "1756"]
[PlyCount "72"]
[EventDate "2018.07.29"]
[EventType "swiss"]
[EventRounds "10"]
[EventCountry "RUS"]
[SourceTitle "CBM 186 Extra"]
[Source "ChessBase"]
[SourceDate "2018.08.24"]
[SourceVersion "1"]
[SourceVersionDate "2018.08.24"]
[SourceQuality "1"]

1. e4 e5 2. Nc3 Nc6 3. g3 Nf6 4. Bg2 Be7 5. Nge2 0-0 6. 0-0 d6 7. h3 Be6 8. f4 Qc8 9. f5 Bc4 10. d3 Ba6 11. g4 Nd7 12. g5 f6 13. h4 Qd8 14. Nd5 fxg5 15. Nxe7+ Qxe7 16. hxg5 Nb6 17. Rf3 g6 18. Bh3 d5 19. exd5 Nxd5 20. Nc3 Qc5+ 21. Kg2 Nxc3 22. bxc3 Qxc3 23. Be3 Nd4 24. Bxd4 Qxd4 25. c3 Qd5 26. c4 Qd6 27. f6 b6 28. Kf1 Bb7 29. Rf2 Rad8 30. Rd2 e4 31. Qb3 c5 32. d4 Qf4+ 33. Rf2 Qxg5 34. f7+ Kg7 35. Be6 Rxd4 36. Qc3 e3 0-1

[Event "KIrov Arakelian Memorial 7th"]
[Site "Kirov"]
[Date "2017.05.19"]
[Round "8"]
[White "Kostitsyn, Genrikh"]
[Black "Seidov, Georgij"]
[Result "1-0"]
[WhiteElo "1859"]
[BlackElo "1813"]
[PlyCount "95"]
[EventDate "2017.05.12"]
[EventType "swiss"]
[EventRounds "9"]
[EventCountry "RUS"]
[SourceTitle "EXT 2018"]
[Source "ChessBase"]
[SourceDate "2017.10.13"]
[SourceVersion "1"]
[SourceVersionDate "2017.10.13"]
[SourceQuality "1"]

1. e4 e5 2. Nf3 Nc6 3. d4 exd4 4. Bc4 d6 5. Nxd4 Ne5 6. Be2 Nf6 7. Bg5 Be7 8. Bxf6 Bxf6 9. c3 0-0 10. f4 Ng6 11. 0-0 Re8 12. Nd2 c5 13. Nc2 a6 14. Ne3 b5 15. Nd5 Bb7 16. Nxf6+ Qxf6 17. g3 Rad8 18. Qc2 d5 19. e5 Qb6 20. Nf3 f6 21. exf6 c4+ 22. Nd4 Qxf6 23. Bh5 Re4 24. Bxg6 Qxg6 25. Qf2 Rde8 26. Rae1 h6 27. f5 Qf6 28. a3 Bc8 29. Rxe4 dxe4 30. Qe3 Re5 31. g4 Bd7 32. Qf4 Re8 33. h3 Qh4 34. Qe3 a5 35. Rf4 Qe7 36. Kh2 b4 37. axb4 axb4 38. Kg3 bxc3 39. bxc3 Qe5 40. Kg2 Bc8 41. Rf2 Bb7 42. Rb2 Qe7 43. Rb6 Ra8 44. Rb2 Ra1 45. Ne6 Ra8 46. Qb6 Bd5 47. Qd4 Qd6 48. Qxg7# 1-0

[Event "Kirov-ch"]
[Site "Kirov"]
[Date "2015.04.05"]
[Round "4"]
[White "Seidov, Georgij"]
[Black "Dvinskikh, Leonid"]
[Result "0-1"]
[WhiteElo "1980"]
[BlackElo "2071"]
[PlyCount "80"]
[EventDate "2015.04.02"]
[EventType "tourn"]
[EventRounds "11"]
[EventCountry "RUS"]
[SourceTitle "CBM 166 Extra"]
[Source "ChessBase"]
[SourceDate "2015.06.18"]
[SourceVersion "1"]
[SourceVersionDate "2015.06.18"]
[SourceQuality "1"]

1. d4 c5 2. e3 e6 3. c4 d5 4. Nf3 Nf6 5. Qa4+ Nc6 6. Nc3 Be7 7. Ne5 Bd7 8. Nxd7 Qxd7 9. cxd5 Nxd5 10. dxc5 Bxc5 11. Be2 Nxc3 12. bxc3 0-0 13. 0-0 a6 14. Rd1 Qe7 15. Bb2 b5 16. Qe4 Rac8 17. g3 f5 18. Qc2 Na5 19. Rd3 Nc4 20. Rad1 Rc7 21. Bc1 Rfc8 22. Qb3 Qe8 23. a4 Na5 24. Qa2 bxa4 25. Ba3 Nb3 26. Bxc5 Rxc5 27. Rd6 a5 28. c4 R5c6 29. Qxa4 Rxd6 30. Qxe8+ Rxe8 31. Rxd6 Ra8 32. Bf3 Ra7 33. Rxe6 a4 34. Rb6 a3 35. c5 a2 36. Rxb3 a1Q+ 37. Kg2 Qc1 38. c6 g5 39. Rd3 g4 40. Bd5+ Kg7 0-1

[Event "Kirov-ch"]
[Site "Kirov"]
[Date "2015.04.03"]
[Round "2"]
[White "Seidov, Georgij"]
[Black "Shipitsyn, Pavel"]
[Result "1/2-1/2"]
[WhiteElo "1980"]
[BlackElo "1993"]
[PlyCount "51"]
[EventDate "2015.04.02"]
[EventType "tourn"]
[EventRounds "11"]
[EventCountry "RUS"]
[SourceTitle "CBM 166 Extra"]
[Source "ChessBase"]
[SourceDate "2015.06.18"]
[SourceVersion "1"]
[SourceVersionDate "2015.06.18"]
[SourceQuality "1"]

1. d4 Nf6 2. c4 e5 3. dxe5 Ng4 4. e3 Nxe5 5. Nf3 Nbc6 6. Nxe5 Nxe5 7. Be2 g6 8. Bd2 Bg7 9. Bc3 0-0 10. 0-0 Re8 11. f4 Nc6 12. Bxg7 Kxg7 13. Bf3 Qe7 14. Re1 Qc5 15. Qc1 f6 16. Qc3 Kg8 17. Nd2 f5 18. a3 a5 19. b4 axb4 20. axb4 Rxa1 21. bxc5 Rxe1+ 22. Nf1 R8xe3 23. Qf6 Nb4 24. Qd8+ Re8 25. Qxc7 Nd3 26. g3 1/2-1/2